|
|
|
|
| LEADER |
00000nam0a2200000 4500 |
| 001 |
322586 |
| 005 |
20231102003504.0 |
| 035 |
|
|
|a (RuTPU)RU\TPU\book\348145
|
| 090 |
|
|
|a 322586
|
| 100 |
|
|
|a 20160930d1980 km y0rusy50 ca
|
| 101 |
0 |
|
|a rus
|
| 102 |
|
|
|a RU
|
| 105 |
|
|
|a a z 001zy
|
| 200 |
1 |
|
|a Погода на Земле
|e метеорология
|f Дж. Вайсберг
|g пер. А. Г. Бройдо
|
| 210 |
|
|
|a Ленинград
|c Гидрометеоиздат
|d 1980
|
| 215 |
|
|
|a 248 с.
|c ил.
|
| 320 |
|
|
|a Библиогр.: с. 232-234
|
| 606 |
1 |
|
|a Метеорология
|2 stltpush
|3 (RuTPU)RU\TPU\subj\43458
|9 62957
|
| 610 |
1 |
|
|a погода
|
| 610 |
1 |
|
|a климат
|
| 610 |
1 |
|
|a атмосфера
|
| 610 |
1 |
|
|a Солнце
|
| 610 |
1 |
|
|a энергия
|
| 610 |
1 |
|
|a испарение
|
| 610 |
1 |
|
|a конденсация
|
| 610 |
1 |
|
|a динамика
|
| 610 |
1 |
|
|a атмосферные фронты
|
| 610 |
1 |
|
|a бури
|
| 610 |
1 |
|
|a метеорологические наблюдения
|
| 610 |
1 |
|
|a климат
|
| 610 |
1 |
|
|a анализ
|
| 610 |
1 |
|
|a здоровье
|
| 675 |
|
|
|a 551.5
|v 4
|
| 700 |
|
1 |
|a Вайсберг
|b Дж.
|
| 702 |
|
1 |
|a Бройдо
|b А. Г.
|4 730
|
| 801 |
|
1 |
|a RU
|b 63413507
|c 20160930
|
| 801 |
|
2 |
|a RU
|b 63413507
|c 20200710
|g RCR
|
| 942 |
|
|
|c BK
|